书目信息 |
| 题名: |
无界函数逼近
|
|
| 作者: | 王仁宏 著 | |
| 分册: | ||
| 出版信息: | 北京 科学出版社 1983 |
|
| 页数: | 242页 | |
| 开本: | 21cm | |
| 丛书名: | ||
| 单 册: | ||
| 中图分类: | O174.41 | |
| 科图分类: | ||
| 主题词: | 函数逼近论 | |
| 电子资源: | ||
| ISBN: | ||
| 000 | 00588nam0 2200229 45 | |
| 001 | 0183012184 | |
| 005 | 20060724083144.29 | |
| 010 | @dCNY1.50 | |
| 091 | @a13031.2212 | |
| 100 | @a19950316d1983 emky0chiy0121 ea | |
| 101 | 0 | @achi |
| 102 | @aCN@b110000 | |
| 105 | @ay z 000yy | |
| 200 | 10 | @a无界函数逼近@Awu jie han shu bi jin@f王仁宏著 |
| 210 | @a北京@c科学出版社@d1983 | |
| 215 | @a242页@d21cm | |
| 606 | @a函数逼近论 | |
| 690 | @aO174.41@v3 | |
| 701 | 0 | @a王仁宏@Awang ren hong@4著 |
| 801 | 2 | @aCN@bNLC@c20060724 |
| 801 | 0 | @aCN@b上海图书馆@c20040520 |
| 905 | @dO174.41@e55 | |
| 无界函数逼近/王仁宏著.-北京:科学出版社,1983 |
| 242页;21cm |
| ISBN :CNY1.50 |
| ● |
| 相关链接 |
|
|
|
|
正题名:无界函数逼近
索取号:O174.41/55
 
预约/预借
| 序号 | 登录号 | 条形码 | 馆藏地/架位号 | 状态 | 备注 |
| 1 | 0119768 | 000422493 | 第三借阅区/ [索取号:O174.41/55] | 在馆 | |
| 2 | 0119769 | 000422484 | 第三借阅区/ [索取号:O174.41/55] | 在馆 | |
| 3 | 0119770 | 202093938 | 第二样本阅览室/ [索取号:O174.41/55] | 在馆 | |
| 4 | 0430897 | 204308971 | 密集书库/ [索取号:O174.41/55] | 在馆 | |
| 5 | 0430898 | 204308980 | 密集书库/ [索取号:O174.41/55] | 在馆 |